<?xml version="1.0" encoding="UTF-8"?>
<record
    xmlns:xsi="http://www.w3.org/2001/XMLSchema-instance"
    xsi:schemaLocation="http://www.loc.gov/MARC21/slim http://www.loc.gov/standards/marcxml/schema/MARC21slim.xsd"
    xmlns="http://www.loc.gov/MARC21/slim">

  <leader>01406nam a22002297a 4500</leader>
  <datafield tag="999" ind1=" " ind2=" ">
    <subfield code="c">22017</subfield>
    <subfield code="d">22017</subfield>
  </datafield>
  <controlfield tag="003">AR-CdUCM</controlfield>
  <controlfield tag="008">190425b           ||||| |||| 00| 0 spa d</controlfield>
  <datafield tag="040" ind1=" " ind2=" ">
    <subfield code="a">MUNICIPALIDAD PROVINCIAL DEL CUSCO</subfield>
    <subfield code="c">BIBLIOTECA MUNICIPAL DEL CUSCO</subfield>
  </datafield>
  <datafield tag="082" ind1=" " ind2=" ">
    <subfield code="a">Cuzcoactual/N&#xB0;3/1954</subfield>
  </datafield>
  <datafield tag="245" ind1=" " ind2=" ">
    <subfield code="a">Cuzco actual /</subfield>
  </datafield>
  <datafield tag="260" ind1=" " ind2=" ">
    <subfield code="a">Cusco.</subfield>
    <subfield code="b">Noticias e informaciones,</subfield>
    <subfield code="b">Futuro,</subfield>
    <subfield code="c">1954.</subfield>
  </datafield>
  <datafield tag="300" ind1=" " ind2=" ">
    <subfield code="a">36 p&#xE1;ginas. :</subfield>
    <subfield code="c">16 cm.</subfield>
  </datafield>
  <datafield tag="440" ind1=" " ind2=" ">
    <subfield code="a">Cuzco Actual.</subfield>
    <subfield code="n">N&#xB0;3,1954</subfield>
    <subfield code="9">47175</subfield>
  </datafield>
  <datafield tag="505" ind1=" " ind2=" ">
    <subfield code="a">Contenido: Nuestra opini&#xF3;n, el Estadio Universitario. -- El escandalo de Armi&#xF1;o Negro. -- Fraternidad internacional de peluqueros. -- El sentido de las cosas. -- No tendr&#xE1; casa. -- Notas obreras. -- Del Sindicato textil. -- Monroy a la vista. -- Los artesanos se mueven. -- Exposici&#xF3;n de industrias. -- Planta el&#xE9;ctrica en Urcos. -- En el d&#xED;a de la Madre. -- Libertador Ram&#xF3;n Castilla. -- Oficializaci&#xF3;n de peluqueros. -- El d&#xED;a de la Agricultura. -- Acontecimientos de la quincena en provincias. Urubamba, Canas, Paucartambo. -- Cient&#xED;fico cusque&#xF1;o alcanza celebridad internacional. -- Chistes, an&#xE9;cdotas, poes&#xED;as, notas, personajes, paisajes, noticias.</subfield>
  </datafield>
  <datafield tag="650" ind1=" " ind2=" ">
    <subfield code="a">Historias del Cusco</subfield>
    <subfield code="9">47166</subfield>
  </datafield>
  <datafield tag="650" ind1=" " ind2=" ">
    <subfield code="a">Provincias del Cusco</subfield>
    <subfield code="9">34880</subfield>
  </datafield>
  <datafield tag="650" ind1=" " ind2=" ">
    <subfield code="a">Siglo XX</subfield>
    <subfield code="9">47176</subfield>
  </datafield>
  <datafield tag="700" ind1=" " ind2=" ">
    <subfield code="a">Barrionuevo Navarro, Leandro</subfield>
    <subfield code="e">Director</subfield>
    <subfield code="9">47177</subfield>
  </datafield>
  <datafield tag="700" ind1=" " ind2=" ">
    <subfield code="a">Barrionuevo S&#xE1;nchez, Armando</subfield>
    <subfield code="e">Director</subfield>
    <subfield code="9">31129</subfield>
  </datafield>
  <datafield tag="942" ind1=" " ind2=" ">
    <subfield code="2">ddc</subfield>
    <subfield code="c">PP</subfield>
  </datafield>
  <datafield tag="945" ind1=" " ind2=" ">
    <subfield code="a">vhl</subfield>
  </datafield>
  <datafield tag="952" ind1=" " ind2=" ">
    <subfield code="0">0</subfield>
    <subfield code="2">ddc</subfield>
    <subfield code="4">0</subfield>
    <subfield code="7">0</subfield>
    <subfield code="a">HEM</subfield>
    <subfield code="b">HEM</subfield>
    <subfield code="c">CART</subfield>
    <subfield code="d">2022-02-10</subfield>
    <subfield code="g">10.00</subfield>
    <subfield code="o">Cuzcoactual/N&#xB0;3/1954</subfield>
    <subfield code="p">REVC000587</subfield>
    <subfield code="r">2022-02-10</subfield>
    <subfield code="y">PP</subfield>
  </datafield>
  <datafield tag="952" ind1=" " ind2=" ">
    <subfield code="0">0</subfield>
    <subfield code="2">ddc</subfield>
    <subfield code="4">0</subfield>
    <subfield code="7">0</subfield>
    <subfield code="a">HEM</subfield>
    <subfield code="b">HEM</subfield>
    <subfield code="c">CART</subfield>
    <subfield code="d">2022-02-10</subfield>
    <subfield code="g">10.00</subfield>
    <subfield code="o">Cuzcoactual/N&#xB0;3/1954/e.2</subfield>
    <subfield code="p">REVC000586</subfield>
    <subfield code="r">2022-02-10</subfield>
    <subfield code="y">PP</subfield>
  </datafield>
</record>
